Advanced Programming in the UNIX Environment / (Record no. 2273)

MARC details
000 -LEADER
Fixed length control field 00449nam a2200157 4500
003 - CONTROL NUMBER IDENTIFIER
Control field SEACOMEC
005 - DATE AND TIME OF LATEST TRANSACTION
Control field 20250507134300.0
008 - FIXED-LENGTH DATA ELEMENTS--GENERAL INFORMATION
Fixed length control field 250507b |||||||| |||| 00| 0 eng d
020 ## - INTERNATIONAL STANDARD BOOK NUMBER / ISBN
International Standard Book Number 978-0321525949
Price 625.00
040 ## - CATALOGING SOURCE
Original cataloging agency SEACOMEC
082 ## - DEWEY DECIMAL CLASSIFICATION NUMBER
Classification number 005.382
Book Number S846
100 ## - MAIN ENTRY--PERSONAL NAME
Personal name Stevens, W . R
245 ## - TITLE STATEMENT
Title Advanced Programming in the UNIX Environment /
Statement of responsibility Richard W. Stevens & , Stephen A. Rago
260 ## - IMPRINT
Place of publication Delhi :
Name of publisher Pearson,
Date of publication 2005
942 ## - ADDED ENTRY ELEMENTS (KOHA)
Koha item type Books
Holdings
Withdrawn status Lost status Source of classification Damaged status Not for loan Home library Current library Date acquired Total Checkouts Call number Accession number Date last seen Price effective from Koha item type Copy number
    Dewey Decimal Classification     SEACOM ENGINEERING COLLEGE SEACOM ENGINEERING COLLEGE 08/10/2010   005.382 S846 17317 07/05/2025 07/05/2025 Reference Books  
    Dewey Decimal Classification     SEACOM ENGINEERING COLLEGE SEACOM ENGINEERING COLLEGE 08/10/2010   005.382 S846 17318 07/05/2025 07/05/2025 Books 1
    Dewey Decimal Classification     SEACOM ENGINEERING COLLEGE SEACOM ENGINEERING COLLEGE 08/10/2010   005.382 S846 17319 07/05/2025 07/05/2025 Books 2
    Dewey Decimal Classification     SEACOM ENGINEERING COLLEGE SEACOM ENGINEERING COLLEGE 08/10/2010   005.382 S846 17320 07/05/2025 07/05/2025 Books 3
    Dewey Decimal Classification     SEACOM ENGINEERING COLLEGE SEACOM ENGINEERING COLLEGE 08/10/2010   005.382 S846 17321 07/05/2025 07/05/2025 Books 4
    Dewey Decimal Classification     SEACOM ENGINEERING COLLEGE SEACOM ENGINEERING COLLEGE 08/10/2010   005.382 S846 17322 07/05/2025 07/05/2025 Books 5
© Seacom Engineering College, All rights reserved.      Powered by Koha